000 00663nam a2200217 a 4500
999 _c3140
_d3140
001 3140
003 BD-JhCC
005 20171111132824.0
008 171111s1987 bg |||| |||| 000 0 ben d
035 _a(BD-JhCC) 3140
040 _aBD-JhCC
_dBD-JhCC
041 _aben
082 _a891.443
_bKHA 1987
100 _aখাতুন, রাবেয়া
245 _aপাখী সব করে রব /
_cরাবেয়া খাতুন
260 _aঢাকা :
_bনাসাস প্রকাশনা,
_c১৯৮৭.
300 _a১৮৮ পৃ. :
_c২১ সেমি.
650 _aBengali novel
942 _2ddc
_cBK